Z jakiego kraju pochodzi dane danie? - Statystyki

Ogólne statystyki
  • Ten quiz został rozwiązany 348 razy
  • Średni wynik to 7 z 10
Statystyki odpowiedzi
Obrazkowy Odpowiedź % Poprawnych
Włochy
100%
Polska
99%
Polska
99%
Japonia
98%
Francja
94%
Meksyk
75%
Szwajcaria
42%
Portugalia
39%
Tajlandia
27%
Peru
6%
Nie znaleziono quizów pasujących do podanych kryteriów
Rozkład punktacji
Procent ludzi z każdym wynikiem
Percentyl według liczby udzielonych odpowiedzi
Twoja historia wyników
Nie rozwiązałeś tego quizu